The Dynamics of Soviet Society / (Record no. 184517)
[ view plain ]
| 000 -LEADER | |
|---|---|
| fixed length control field | 00557 a2200181 4500 |
| 003 - CONTROL NUMBER IDENTIFIER | |
| control field | Nust |
| 005 - DATE AND TIME OF LATEST TRANSACTION | |
| control field | 20230306133043.0 |
| 010 ## - LIBRARY OF CONGRESS CONTROL NUMBER | |
| LC control number | 53000398 |
| 040 ## - CATALOGING SOURCE | |
| Transcribing agency | Nust |
| 082 ## - DEWEY DECIMAL CLASSIFICATION NUMBER | |
| Classification number | 335.43,ROS |
| 100 ## - MAIN ENTRY--PERSONAL NAME | |
| Personal name | Rostow W.W |
| 9 (RLIN) | 50276 |
| 245 ## - TITLE STATEMENT | |
| Title | The Dynamics of Soviet Society / |
| Statement of responsibility, etc. | W.W Rostow |
| 260 ## - PUBLICATION, DISTRIBUTION, ETC. | |
| Place of publication, distribution, etc. | UsA |
| Name of publisher, distributor, etc. | A mentor Book |
| 300 ## - PHYSICAL DESCRIPTION | |
| Extent | 264:p |
| 505 ## - FORMATTED CONTENTS NOTE | |
| Formatted contents note | The Evolution Of Soviet Rule (Page-27), Cohesive Forces Istabilities And Tensions In Contemporary Soviet Society (Page-163), Conclusion (Page-217). |
| 650 ## - SUBJECT ADDED ENTRY--TOPICAL TERM | |
| Topical term or geographic name entry element | Soviet Society |
| 9 (RLIN) | 109884 |
| 942 ## - ADDED ENTRY ELEMENTS (KOHA) | |
| Source of classification or shelving scheme | |
| Koha item type | Book |
| Withdrawn status | Lost status | Source of classification or shelving scheme | Damaged status | Not for loan | Permanent Location | Current Location | Shelving location | Date acquired | Full call number | Barcode | Date last seen | Price effective from | Koha item type | Public note |
|---|---|---|---|---|---|---|---|---|---|---|---|---|---|---|
| Military College of Signals (MCS) | Military College of Signals (MCS) | General Stacks | 12/12/2016 | 335.43,ROS | MCS29529 | 12/08/2016 | 12/12/2016 | Book | Almirah No.73, Shelf No.6 |
